Tinta roja

Gespeichert in:
Bibliographische Detailangaben
1. Verfasser: Fuguet, Alberto (VerfasserIn)
Format: Buch
Sprache:Spanisch
Veröffentlicht: Santiago Suma de Letras 2001
Ausgabe:1a. ed
Schriftenreihe:Punto de Lectura, 162
Schlagworte:
Tags: Tag hinzufügen
Keine Tags, Fügen Sie den ersten Tag hinzu!

MARC

LEADER 00000cam a2200000 a 4500
001 UCJ1079
003 CL-VaPUC
008 060929e20010000CL |||||||||||||||||spa|d
020 |a 9562391566 
082 0 4 |a Ch863  |b FUG  |2 21 
100 0 |a Fuguet, Alberto  |e author  |9 501614 
245 1 0 |a Tinta roja 
250 |a 1a. ed 
300 |a 409 p 
942 |c BK 
945 |d 20060929 00:00:00  |a cmena 
260 |a Santiago  |b Suma de Letras  |c 2001 
650 0 |a Novelas chilenas   |9 265425 
650 0 |a Literatura chilena   |9 308278 
650 0 |a Periodismo   |9 310113 
650 0 |a Antropología cultural y social   |9 265143 
583 |a last modification  |c 20160805 10:11:39  |k Rodrigo Vera 
490 0 |a Punto de Lectura, 162 
999 |c 317794  |d 317792 
952 |0 0  |1 0  |4 0  |6 CH_863_000000000000000_FUG_2001  |7 0  |8 A  |9 394723  |a BIBGIM  |b BIBGIM  |d 2019-11-22  |i 424253K  |l 1  |o Ch863 FUG 2001  |p 424253K  |r 2025-01-15  |s 2024-10-22  |w 2019-11-22  |y BK  |k EST 
952 |0 0  |1 0  |3 erb  |4 0  |6 CH_863_000000000000000_FUG_2001  |7 0  |8 A  |9 394724  |a BIBEDU  |b BIBEDU  |i 5336856  |o Ch863 FUG 2001  |p 5336856  |r 2019-11-22  |w 2019-11-22  |y BK  |z Catalogado en:20160807  |k EPE